00486nam a2200193 a 4500001001300000003000900013005001700022008004100039020001000080082002000090100001500110245002500125260004400150300000900194500003500203505001700238650002200255700001500277nice12345678IN_TiNIC20260116012934.0050524s1990 dela grp 000 0 eng  ac35000a909.097671bZAI aSaidi, A M aWorld of Islam Today aDelhibIndia International Centrec1990 a362p aincludes index and biblioraphy2 aBibliography aIslamic-Countries1 aSaidi, A M